CT et CS Pokémon 1G - Statistiques

Statistiques générales
  • Ce quiz a été pris 51 fois
  • Le résultat moyen est 31 sur 55
Statistiques - réponses
Hint Nom Réponse % Correct
CS CS 01 Coupe
100%
CS 03 Surf
100%
CT CS 02 Vol
100%
CS 04 Force
94%
CS 05 Flash
91%
CT 24 Tonnerre
88%
CT 25 Fatal-Foudre
82%
CT 13 Laser Glace
82%
CT 22 Lance-Soleil
79%
CT 29 Psyko
79%
CT 26 Séisme
79%
CT 06 Toxik
79%
CT 45 Cage-Eclair
74%
CT 38 Déflagration
74%
CT 05 Ultimawashi
74%
CT 15 Ultralaser
74%
CT 14 Blizzard
71%
CT 28 Tunnel
71%
CT 11 Bulles d'O
68%
CT 48 Eboulement
68%
CT 01 Ultimapoing
68%
CT 23 Draco-Rage
65%
CT 19 Frappe Atlas
59%
CT 12 Pistolet à O
59%
CT 27 Abîme
56%
CT 21 Méga-Sangsue
56%
CT 43 Piqué
53%
CT 44 Repos
53%
CT 30 Téléport
53%
CT 09 Bélier
50%
CT 08 Plaquage
50%
CT 33 Protection
50%
CT 10 Damoclès
44%
CT 46 Vague Psy
44%
CT 42 Dévorêve
41%
CT 47 Explosion
41%
CT 34 Patience
41%
CT 18 Riposte
41%
CT 17 Sacrifice
41%
CT 02 Coupe-Vent
38%
CT 41 E-Coque
38%
CT 39 Météores
38%
CT 32 Reflet
38%
CT 49 Triplattaque
38%
CT 03 Danse-Lames
35%
CT 36 Destruction
35%
CT 07 Empal'Korne
35%
CT 40 Coud'Krâne
32%
CT 16 Jackpot
32%
CT 50 Clonage
29%
CT 04 Cyclone
26%
CT 20 Frénésie
26%
CT 37 Bomb'Oeuf
24%
CT 31 Copie
21%
CT 35 Métronome
18%
Aucun quiz correspondant
Distribution des résultats
% des personnes avec chaque résultat
Percentile par nombre de réponses
Votre historique - résultats
Vous n’avez pas pris ce quiz